01519nam a2200301 a 4500001001200000003000800012006001900020007001500039008004100054010001700095020001500112040002100127035002000148050002600168082001900194110012000213245028400333246004500617260005500662300002400717504006400741533015200805650004400957650004401001655002901045710001701074856012601091ebr10062812CaPaEBRm u cr cn|||||||||961122s1997 dcua sb f001 0 eng  z 96051230  z0309054478 aCaPaEBRcCaPaEBR a(OCoLC)4232968314aRA569.3b.N378 1997eb04a612/.014422212 aNational Research Council (U.S.).bCommittee on the Possible Effects of Electromagnetic Fields on Biologic Systems.10aPossible health effects of exposure to residential electric and magnetic fieldsh[electronic resource] /cCommittee on the Possible Effects of Electromagnetic Fields on Biologic Systems, Board on Radiation Effects Research, Commission on Life Sciences, National Research Council.30aResidential electric and magnetic fields aWashington, D.C. :bNational Academy Press,c1997. axix, 356 p. :bill. aIncludes bibliographical references (p. 302-337) and index. aElectronic reproduction.bPalo Alto, Calif. :cebrary,d2013.nAvailable via World Wide Web.nAccess may be limited to ebrary affiliated libraries. 0aElectromagnetic fieldsxHealth aspects. 0aElectromagnetismxPhysiological effect. 7aElectronic books.2local2 aebrary, Inc.40uhttp://site.ebrary.com/lib/rucke/Doc?id=10062812zAn electronic book accessible through the World Wide Web; click to view